[Event "Tilburg"]
[Site "Tilburg"]
[Date "1990.09.08"]
[Round "2"]
[White "Gelfand, Boris"]
[Black "Timman, Jan H"]
[Result "0-1"]
[WhiteElo "2680"]
[BlackElo "2660"]
[Annotator "Ftacnik,L"]
[PlyCount "94"]
[EventDate "1990.09.??"]
[EventType "tourn"]
[EventRounds "14"]
[EventCountry "NED"]
[EventCategory "16"]
[SourceTitle "CBM 020"]
[Source "ChessBase"]
[SourceDate "1991.02.01"]
[SourceVersion "1"]
[SourceVersionDate "1991.02.01"]
[SourceQuality "1"]

1. d4 Nf6 2. c4 e6 3. g3 d5 4. Bg2 Be7 5. Nf3 O-O 6. Nc3 Nbd7 7. O-O dxc4 8. e4
c6 9. a4 e5 $5 10. dxe5 Ng4 11. Bf4 Qa5 12. e6 (12. Qd4 Rd8 13. Qxc4 Ngxe5)
12... fxe6 13. Qe2 (13. Bd6 Bxd6 14. Qxd6 Nde5 15. Nxe5 Nxe5 16. Rab1 Rd8 17.
Qe7 Ng6 $10 {Sosonko,G-Van der Wiel,J/Wijk aan Zee/1987/ ->CBM 02}) 13... Nge5
14. Nd4 $1 (14. Nxe5 Nxe5 15. Bxe5 Qxe5 16. Qxc4 Qc5 17. Qxc5 Bxc5 18. e5 Bd4
19. Rae1 Bd7 $10) 14... Nb6 15. Bd2 (15. Bh3 Nd3 16. Nxe6 Rf6 17. Bg5 Bxe6 18.
Bxf6 Bxh3 19. Bxe7 Bxf1 $10) 15... Bb4 16. Nc2 c5 17. Qh5 (17. Nxb4 cxb4 18.
Na2 c3 $1 19. bxc3 b3) 17... Nc6 $1 (17... Nd3 18. Nxb4 Qxb4 $14) 18. Ne3 $5 (
18. e5 Rf5 19. Qe8+ Rf8 20. Qh5 Rf5 $10) 18... Bd7 19. e5 Be8 20. Qh3 Nd4 $1
21. Be4 (21. Bxb7 Rd8 22. Be4 Bg6 23. Bxg6 hxg6 24. Kh1 $1 Qa6 $1 $13 (24...
Nb3 25. Ne4 $1 Nxd2 26. Ng5 $40)) 21... Bg6 22. Bxg6 hxg6 23. Kh1 (23. f4 $5
Bxc3 24. Bxc3 Ne2+ 25. Kh1 Nxc3 26. Qxe6+ Rf7 27. f5 $1 $40) 23... Rae8 (23...
Rf7) (23... Rad8 $5) 24. Qg4 (24. f4 $1 Nb3 $6 25. Ne4 Bxd2 26. Ng5) 24... Nd7
$1 (24... Nb3 25. Qxg6 Nxd2 26. Ng4 $132) 25. Nxc4 $2 (25. Qe4 $1 $13) 25...
Qa6 $1 26. Ne3 Bxc3 27. Bxc3 Qc6+ 28. Ng2 Nxe5 29. Qd1 Nef3 30. Rc1 Qd5 31.
Bxd4 cxd4 32. Qd3 Ne5 (32... Rf5 $1 $19) 33. Qb5 Qxb5 34. axb5 Nd3 35. Rc2 e5
36. Ne1 Nb4 37. Rc4 Nd5 38. Kg2 Rc8 39. Rxc8 Rxc8 40. Nf3 Rc2 41. Re1 Ne3+ 42.
Kg1 Ng4 43. h3 Nxf2 44. Rxe5 Nxh3+ 45. Kh1 d3 46. Rd5 Rxb2 47. g4 Kf7 {Ftacnik,
L} 0-1

[Event "Olympiad-36"]
[Site "Mallorca"]
[Date "2004.10.18"]
[Round "4"]
[White "Gelfand, Boris"]
[Black "Georgiev, Kiril"]
[Result "1-0"]
[WhiteElo "2693"]
[BlackElo "2625"]
[Annotator "Ftacnik,L"]
[PlyCount "49"]
[EventDate "2004.10.15"]
[EventType "team-swiss"]
[EventRounds "14"]
[EventCountry "ESP"]
[SourceTitle "CBM 104"]
[Source "ChessBase"]
[SourceDate "2005.01.27"]
[SourceVersion "1"]
[SourceVersionDate "2005.01.27"]
[SourceQuality "1"]
[WhiteTeam "Israel"]
[BlackTeam "Bulgaria"]
[WhiteTeamCountry "ISR"]
[BlackTeamCountry "BUL"]

1. d4 Nf6 2. c4 e6 3. g3 Bb4+ 4. Bd2 Be7 5. Bg2 d5 6. Nf3 O-O 7. O-O c6 8. Bf4
Nbd7 9. Nc3 dxc4 10. e4 a5 {White's pawn sacrifice is not without venom. Black
is torn between protection of the extra material and the aim to complete his
development.} 11. Re1 Re8 (11... b5 12. d5 $36) 12. d5 cxd5 (12... exd5 13.
exd5 cxd5 14. Nxd5 Nxd5 15. Qxd5 Qb6 16. Ng5 $14) 13. exd5 Nc5 14. Ne5 (14. d6
Bf8 15. Bf1 Nh5 (15... Qb6 16. Qd4 Rd8 17. Rad1 Qxb2 18. Rb1 Qc2 19. Rec1 Qf5
20. Nh4 Qh5 21. Be2 e5 22. Qxc5 Bxd6 23. Rd1 $18) 16. Bg5 Qxd6 17. Nd2 $11)
14... exd5 (14... Ra6 $5 15. Nxc4 exd5 16. Nxd5 Nxd5 17. Qxd5 Be6 $11) 15. Nxd5
Nxd5 $2 (15... Be6 $1 16. Nxe7+ Rxe7 17. Bg5 Nd3 $11) 16. Nxf7 $3 {[%mdl 128]
Very nice attacking idea, Black king will have to advance in front of his pawn
shield.} (16. Bxd5 Be6 17. Bxe6 Nxe6 18. Qh5 g6 19. Qf3 Nd4 $15) 16... Kxf7 (
16... Nxf4 17. Nxd8 Rxd8 18. Qc2 (18. Rxe7 $2 Rxd1+ 19. Rxd1 Kf8 $1 $19) 18...
Nfe6 19. Qxc4 Rd4 20. Qc2 $14) 17. Bxd5+ Kg6 (17... Be6 18. Qh5+ Kg8 (18... g6
19. Qxh7+ Kf6 20. Be5+ $18) (18... Kf8 19. Rxe6 $18) 19. Rxe6 Nxe6 20. Bxe6+
Kh8 21. Bf5 $18) (17... Kf6 18. Qh5 g6 19. Be5#) 18. Re5 $1 Bf5 (18... h6 19.
Qh5+ Kh7 20. Bf7 Ra6 (20... Rf8 21. Qg6+ Kh8 22. Bxh6 $18) 21. Bxe8 Nd3 22. Rd1
$16) 19. Rxf5 $1 {Gelfand plays with youthful energy, Georgiev has no choice
but to expose his monarch even more.} Kxf5 20. Qh5+ Bg5 (20... Kf6 21. Be5# (
21. Qg5#)) (20... g5 21. Qxh7+ Kg4 22. h3# (22. f3#)) 21. Qxh7+ Kf6 (21... g6
22. Qh3+ Kf6 23. Bxg5+ Kxg5 24. Qh4+ Kf5 25. Qf4#) 22. Bxg5+ Kxg5 23. Bf7 {
It is quite symptomatic, that Black could have been mated after 23.f4+.} (23.
f4+ Kf6 24. Qh4+ Kg6 (24... Kf5 25. Qh5+ g5 26. Qh7+ Kg4 27. h3+ Kxg3 28. Qf5
$18) 25. f5+ Kxf5 26. Qf4+ Kg6 27. Bf7+ Kh7 28. Qf5+ $18) 23... Qd6 (23... Kf6
24. Qg6+ Ke7 25. Re1+ Kd7 26. Rxe8 $18) 24. Qxg7+ Kf5 25. Bxe8 1-0

[Event "Interpolis"]
[Site "Tilburg"]
[Date "1992.10.08"]
[Round "1.1"]
[White "Kortschnoj, Viktor Lvovich"]
[Black "Kuijf, Marinus"]
[Result "1/2-1/2"]
[WhiteElo "2575"]
[BlackElo "2420"]
[Annotator "Ftacnik,L"]
[PlyCount "44"]
[EventDate "1992.10.08"]
[EventType "k.o."]
[EventRounds "7"]
[EventCountry "NED"]
[SourceTitle "CBM 032"]
[Source "ChessBase"]
[SourceDate "1993.02.01"]
[SourceVersion "1"]
[SourceVersionDate "1993.02.01"]
[SourceQuality "1"]

1. c4 c6 2. Nf3 d5 3. d4 Nf6 4. Nc3 e6 5. g3 Be7 6. Bg2 O-O 7. O-O Nbd7 8. b3
b6 9. Nd2 Bb7 (9... Ba6 10. e4 Rc8 11. Bb2 dxe4 12. Ncxe4 b5 13. c5 Nxe4 14.
Nxe4 Nf6 15. Nxf6+ Bxf6 16. Qd2 Rc7 17. Qa5 Qc8 18. Rfd1 Rd7 19. Bf1 Qb7 20.
Rd2 Rb8 21. Rad1 Qc8 22. d5 Rxd5 23. Bxf6 gxf6 24. Bg2 b4 25. Bxd5 cxd5 26. Rd4
$40 {Speelman,J-Lein/Hastings/1981/}) 10. e4 Bb4 $5 $146 (10... Rc8 11. Re1 Nb8
12. e5 Ne8 13. Qg4 Na6 14. Nf3 Nb4 15. Rd1 Nc2 16. Rb1 Na3 {0,5/Gelfand,
B-Gurevich,M/Manila izt/1990/}) 11. Bb2 c5 12. exd5 cxd4 (12... exd5 13. a3
cxd4 14. axb4 dxc3 15. Bxc3 $14) 13. Nb5 exd5 (13... e5 14. f4 Ng4 15. Qxg4
Bxd2 16. fxe5 Be3+ 17. Kh1 Nxe5 18. Qe2 $16) 14. Nxd4 Re8 15. cxd5 Nxd5 (15...
Bxd5 $2 16. Nc6 Bxc6 17. Bxc6 Rc8 18. Bxf6 $18) 16. Nf5 N7f6 (16... Qg5 17.
Nxg7 Bxd2 18. h4 Qh6 19. Nxe8 Rxe8 20. Qg4+ $18) 17. Nxg7 $5 (17. Nc4 Bc3 $5 (
17... Bf8 18. Bxf6) 18. Nfd6 Bxb2 19. Nxb7 Qd7 20. Nxb2 Qxb7 $13) 17... Kxg7
18. Bxd5 Qxd5 19. Qg4+ Kh6 $8 (19... Kf8 20. Qxb4+ Kg8 21. f3 $16) 20. Qf4+ Kg7
(20... Qg5 21. Qxb4 $16) 21. Qg4+ $1 (21. Qxf6+ $2 Kf8 22. Qh6+ Ke7 23. Qh4+
Kd7 $19) 21... Kh6 22. Qf4+ Kg7 1/2-1/2

[Event "St Stefan/Belgrade m"]
[Site "Belgrade"]
[Date "1992.??.??"]
[Round "15"]
[White "Fischer, Robert James"]
[Black "Spassky, Boris Vasilievich"]
[Result "1/2-1/2"]
[WhiteElo "2785"]
[BlackElo "2560"]
[Annotator "Ftacnik,L"]
[PlyCount "66"]
[EventDate "1992.09.??"]
[EventType "match"]
[EventRounds "30"]
[EventCountry "YUG"]
[SourceTitle "CBM 031"]
[Source "ChessBase"]
[SourceDate "1992.12.01"]
[SourceVersion "1"]
[SourceVersionDate "1992.12.01"]
[SourceQuality "1"]

1. c4 e6 2. Nf3 Nf6 3. g3 d5 4. Bg2 Be7 5. O-O O-O 6. d4 Nbd7 7. Nbd2 (7. Qc2
c6 8. b3 b6 9. Rd1) 7... b6 $5 8. cxd5 exd5 9. Ne5 Bb7 10. Ndf3 (10. Ndc4 $5
Ne4 (10... Nxe5 11. Nxe5 $14) 11. Qc2 Nxe5 12. Nxe5 Bd6 (12... c5 $5) 13. Bf4
Re8 14. Rfd1 Qe7 15. Nd3 Bxf4 16. Nxf4 Qd6 17. Rac1 Re7 18. Nd3 $36 {
Kirov-Padevski/Bulgaria ch/1977/}) 10... Ne4 (10... Nxe5 11. Nxe5 (11. dxe5 Ne4
$1) 11... Nd7 $5) 11. Bf4 Ndf6 (11... c5) 12. Rc1 c5 13. dxc5 bxc5 14. Ng5 $1
Nxg5 $6 (14... h6 15. Nxe4 Nxe4 16. Bxe4 dxe4 17. Nd7 Re8 18. Nxc5 $14) (14...
Rc8 15. Bh3 Ra8 16. Ngxf7 $1 Rxf7 17. Be6) (14... Qa5 $5 15. Nxe4 dxe4 16. a3
$14) 15. Bxg5 Ne4 (15... h6 $6 16. Bxf6 Bxf6 17. Ng4 $16) 16. Bxe7 Qxe7 17.
Bxe4 (17. Nd3 $5) 17... dxe4 $1 (17... Qxe5 18. Bf3 Rac8 (18... Qxb2 $4 19. Rb1
$18) 19. Qa4 a6 20. Qa3 Qe7 21. Rc2 Rc7 22. Rfc1 Rfc8 $2 23. Bg4 $1) 18. Nc4 e3
$5 19. f3 (19. Nxe3 $2 Qe4 $19) 19... Rad8 20. Qb3 Rfe8 21. Rc3 Bd5 22. Rfc1 (
22. Rxe3 Bxc4 23. Rxe7 Bxb3 24. Rxe8+ Rxe8 25. axb3 Rxe2 $10) (22. Qa3 Bxc4 23.
Rxc4 Rd2 24. Re4 Qd8) 22... g6 23. Qa3 $2 (23. Rxe3 Bxc4 24. Rxe7 Bxb3 25.
Rxe8+ Rxe8 26. axb3 Rxe2 $10) (23. Qa4 $1 Bxc4 (23... Bxf3 $2 24. exf3 e2 25.
Re3 $18) (23... Qb7 24. Nxe3 Qxb2 25. Nxd5 Rxe2 26. Nf4 $1 (26. R3c2 $2 Rxc2
27. Rxc2 Qb1+ 28. Kg2 Rxd5 $19) 26... Rxh2 27. R3c2 Rxc2 (27... Rd1+ 28. Kxh2)
28. Qxc2 $18) 24. Rxc4 Qb7 (24... Rd2 $2 25. Re4 $18) 25. b3 Re7 (25... Re5 26.
Rxc5 Rxc5 27. Rxc5 Rd2 28. Qe8+ Kg7 29. Qxe3 $18) 26. Rxc5 Rd2 27. Kf1 $16)
23... Bxf3 $1 (23... Bxc4 24. Rxc4 Rd2 25. Re4 Qd7 26. Rxe8+ Qxe8 27. Rxc5 Rxe2
28. Qc3 Rc2 (28... Rd2 29. Rc8 Rd8 30. Rxd8 Qxd8 31. Qxe3 $16) 29. Qxc2 e2 30.
Rc8 e1=Q+ 31. Kg2 $16) (23... Bxc4 24. Rxc4 Rd2 25. Re4 Qd8 26. Rxe8+ Qxe8 27.
Kf1 $14) 24. exf3 (24. Rxe3 Be4) 24... e2 25. Re1 (25. Re3 Rd1+ 26. Kf2 e1=Q+
$19) 25... Rd1 26. Kf2 Rxe1 27. Kxe1 Qd7 $1 28. Qb3 Qh3 29. Ne3 (29. Nd2 Qxh2
30. Re3 (30. Ne4 $2 Qg2 $19) 30... Qxg3+ 31. Kxe2 Qg2+ 32. Ke1 Qg3+ 33. Ke2
Qg2+ $10) 29... Qxh2 (29... Rxe3 $2 30. Rxe3 Qf1+ 31. Kd2 $18) 30. g4 (30. Qc2
Qxg3+ 31. Kxe2 Qg2+ $10) (30. Qa4 Qxg3+ 31. Kxe2 Qg2+ 32. Kd3 Rd8+ 33. Kc4 Qxf3
$40) (30. Qd5 Qxg3+ 31. Kxe2 Qg2+ 32. Kd3 Qxb2 $40) 30... Rb8 $1 31. Qd5 (31.
Qc2 Rxb2 $1 32. Qxb2 Qg1+ 33. Kxe2 Qh2+ 34. Kd3 Qxb2 $19) 31... Rxb2 (31...
Qg1+ 32. Kxe2 Rxb2+ 33. Rc2 Qh2+ 34. Kd3 c4+ 35. Kc3 $18) 32. Qd8+ Kg7 33. Nf5+
$1 gxf5 1/2-1/2

[Event "Dortmund op-A"]
[Site "Dortmund"]
[Date "1992.??.??"]
[Round "4"]
[White "Sher, Miron Naumovich"]
[Black "Steckner, Johannes"]
[Result "1-0"]
[WhiteElo "2475"]
[BlackElo "2315"]
[Annotator "Ftacnik,L"]
[PlyCount "49"]
[EventDate "1992.04.??"]
[EventType "swiss"]
[EventRounds "11"]
[EventCountry "GER"]
[SourceTitle "CBM 029"]
[Source "ChessBase"]
[SourceDate "1992.08.01"]
[SourceVersion "1"]
[SourceVersionDate "1992.08.01"]
[SourceQuality "1"]

1. c4 {Anand} e6 2. Nf3 d5 3. g3 Nf6 4. Bg2 Be7 5. O-O O-O 6. d4 Nbd7 7. Nc3
dxc4 8. e4 c6 9. a4 e5 10. dxe5 Ng4 11. Bf4 Qa5 12. e6 (12. Qd4 Rd8 13. Qxc4
Ngxe5 14. Nxe5 Nxe5 15. Qb3 b6 {0,5/Ninov,K-Dimitrov,V/Stara Zagora zt/1990/})
12... Nde5 $6 {N} (12... fxe6 13. Bd6 (13. Qe2 Nge5 14. Nd4 Nb6 15. Bd2 Bb4 $13
{Gelfand,B-Timman,J/Tilburg/1990/}) 13... Bxd6 14. Qxd6 Nde5 15. Nxe5 Nxe5 16.
Rab1 Rd8 17. Qe7 Ng6 18. Qa3 e5 19. b4 Qc7 $13 {Sosonko,G-Van der Wiel,J/Wijk/
1987/}) (12... fxe6 {Anand Gelfand,B-Timman,J Tilburg 1990}) 13. Nxe5 Nxe5 14.
Nd5 $5 (14. exf7+ Rxf7 15. Qd4 Bf6 (15... Nd3 16. Qxc4 Nxf4 17. gxf4 Qb4 $13)
16. Bxe5 Qxe5 17. Qxc4 Be6 $44) 14... cxd5 (14... Bd6 15. e7 Re8 16. Nf6+ gxf6
17. Qxd6 $16) 15. Bxe5 Bxe6 (15... dxe4 16. Bc3 Qf5 17. Qd4 (17. exf7+ {Anand}
Qxf7 (17... Rxf7 18. Qe2 $16) 18. Bxe4 $16) 17... Bf6 18. exf7+ Rxf7 19. Qxc4
$16) (15... fxe6 16. exd5 Rd8 17. Qg4 Bf8 18. Qxc4 $16) 16. exd5 Rfd8 (16...
Bf5 17. Qd4 f6 18. d6 Qxe5 19. Qxe5 fxe5 20. dxe7 Rfe8 21. Bxb7 Rab8 22. Bd5+
Kh8 23. Bxc4 Rxb2 24. Rfd1 $16) 17. Bc3 Bb4 (17... Qc5 18. Bd4 Qd6 19. dxe6
Qxd4 20. exf7+ Kxf7 21. Qh5+ Kg8 22. Bxb7 Rab8 23. Rad1 Qxb2 24. Bd5+ Kh8 25.
Be4 $18) 18. Bxb4 Qxb4 19. Qd4 Rd7 $2 (19... Qa5 20. Rfd1 $16) 20. b3 $1 Rc8 (
20... Qxb3 21. Rfb1 Qc2 22. Be4 Qe2 23. Rxb7 (23. Qe5 $1 {Anand} Bg4 24. Re1
$18) 23... Rxb7 24. dxe6 Rbb8 25. exf7+ Kxf7 26. Bxa8 $18) 21. bxc4 Rxc4 22.
Qe5 Qa5 (22... Bg4 23. h3 Bh5 24. Qe8+ $18) 23. Qe2 Rxa4 24. dxe6 (24. Rxa4 {
Anand} Qxa4 25. dxe6 $18) 24... Re7 (24... Rxa1 25. exd7 $18) 25. Qc2 $1 {
Ftacnik,L} 1-0

[Event "IBM"]
[Site "Amsterdam"]
[Date "1976.??.??"]
[Round "4"]
[White "Miles, Anthony John"]
[Black "Kurajica, Bojan"]
[Result "1-0"]
[WhiteElo "2510"]
[BlackElo "2525"]
[Annotator "Gagarin,V"]
[PlyCount "77"]
[EventDate "1976.07.??"]
[EventType "tourn"]
[EventRounds "15"]
[EventCountry "NED"]
[EventCategory "11"]
[SourceTitle "MCL"]
[Source "ChessBase"]
[SourceDate "1999.07.01"]
[SourceVersion "1"]
[SourceVersionDate "1999.07.01"]
[SourceQuality "1"]

1. d4 d5 2. c4 e6 3. Nf3 Nf6 4. g3 Be7 5. Bg2 O-O 6. O-O c6 7. Nc3 Nbd7 8. b3
b6 9. Bb2 Ba6 10. Qd3 (10. Re1) (10. a4 $5) (10. Nd2 {/\ e4/}) 10... Rc8 11.
Rac1 $6 (11. Rfd1 $1 c5 12. Nb5 (12. dxc5 $6 bxc5 $1 $132 {/\ Qb6/} (12... dxc4
$2 13. bxc4 Rxc5 14. Nb5 $16 {Portisch,F-Opl,K/Vienna/1986/1:0/48/})) 12...
Bxb5 13. cxb5 Ne8 (13... Ne4 $6 14. Ne5 $1 Nxe5 15. dxe5 f5 16. exf6 Bxf6 17.
Bxe4 Bxb2 $8 18. Bxh7+ Kh8 19. Rab1 $16 {Polugaevsky,L-Wedberg,Th/Haninge/1989/
1:0/55/}) 14. e4 $1 c4 15. bxc4 dxe4 16. Qxe4 Nd6 17. Qe2 Nxc4 18. Bc1 $14 {
Ilic,Z-Ciric,D/Bern/1990/1:0/39/}) 11... Ne8 $5 (11... Qc7 $6 12. e4 dxe4 13.
Nxe4 $14 {Donner,J-Capelan/Berlin/1971/}) (11... c5 $1 12. Nb5 Bxb5 13. cxb5
Ne4 $10) 12. Nb1 (12. Rfd1 $142) 12... Nd6 $5 (12... c5 $10) 13. Nbd2 f5 14.
Ba3 Ne4 (14... c5 $5 $13) 15. Bxe7 Qxe7 16. e3 e5 $5 (16... c5 $13) 17. dxe5
Nxe5 18. Nxe5 Qxe5 19. Rfd1 Qe7 20. Qc2 Rce8 $1 {>< e3/} (20... Nxd2 21. Rxd2
dxc4 22. bxc4 $14 {>< Ba6, >< f5/}) 21. Nxe4 $1 (21. cxd5 $4 Nxf2 $1 $19) 21...
dxe4 22. Rd2 (22. c5 $6 Bd3 $13) 22... Rd8 23. Rcd1 c5 $10 24. Qc3 Bb7 25. Bf1
Rxd2 (25... Bc6 26. Rxd8 Rxd8 27. Rxd8+ Qxd8 28. Qe5 Qd7 29. a3 $14) 26. Qxd2
h5 (26... Bc6 $5 27. Qd6 Qxd6 28. Rxd6 Bb7 29. Rd7 Rf7 $10) 27. Be2 g6 28. a4
Kg7 29. a5 $1 Rf7 (29... Bc6 $5 $10) 30. Kf1 Qf6 $6 31. b4 $1 $14 Bc8 (31...
Bc6 $5 32. axb6 (32. b5 Rd7 33. Qe1 Rxd1 34. Bxd1 Bb7 35. a6 Bc8 36. Qd2 $10)
32... axb6 33. bxc5 bxc5 34. Qa5 $14 {>< c5/}) 32. axb6 axb6 33. bxc5 bxc5 34.
Qa5 $14 {>< c5/} Qc6 35. Rd5 Rc7 36. Kg2 (36. Qc3+ Qf6 $14) 36... Bd7 37. Bd1 (
37. f4 $5 Kf7 38. Bd1 Rc8 39. Qa7 Rc7 40. Qb8 Rc8 41. Qe5 Re8 $14) 37... h4 $4
(37... Rc8 $14) 38. Ba4 $1 $18 Qb7 39. Qxc7 $1 1-0

[Event "Hoogovens"]
[Site "Wijk aan Zee"]
[Date "1995.01.??"]
[Round "2"]
[White "Nikolic, Predrag"]
[Black "Seirawan, Yasser"]
[Result "1-0"]
[WhiteElo "2655"]
[BlackElo "2585"]
[Annotator "Hansen,LB"]
[PlyCount "121"]
[EventDate "1995.01.??"]
[EventType "k.o."]
[EventRounds "5"]
[EventCountry "NED"]
[SourceTitle "CBM 045"]
[Source "ChessBase"]
[SourceDate "1995.04.01"]
[SourceVersion "1"]
[SourceVersionDate "1995.04.01"]
[SourceQuality "1"]

1. d4 Nf6 2. c4 e6 3. Nf3 b6 4. g3 Bb7 (4... Be7 5. Bg2 c6 6. O-O d5 7. Nc3 Bb7
8. b3 O-O 9. Ne5 (9. Bb2 Nbd7 10. Rc1 Rc8 11. Ne5 Nxe5 12. dxe5 Ng4 13. e4 Nxe5
14. exd5 cxd5 15. Nxd5 $1 $14 {Hort,V-Antoshin/Luhacovice/1971/}) 9... Nbd7 10.
Bf4 Nxe5 11. Bxe5 Rc8 12. Qd3 Nd7 13. Bf4 c5 14. cxd5 cxd4 15. Nb5 e5 16. d6
Nc5 17. dxe7 Qxe7 18. Qf5 Bxg2 19. Kxg2 exf4 20. Nxd4 fxg3 21. hxg3 Ne6 22.
Nxe6 Qxe6 23. Qxe6 fxe6 24. Rac1 Kf7 25. Kf3 Kf6 26. a4 h5 27. Rh1 {1/2-1/2/
Ehlvest,J-Tiviakov,S/Moscow/1992/}) 5. Bg2 c6 $5 {A solid line.White maintains
a slight plus,but not more.} 6. O-O d5 7. b3 Nbd7 8. Bb2 Be7 9. Nc3 O-O 10. e3
Rc8 11. Qe2 (11. Rc1 Rc7 $5 12. Qe2 Qb8 13. Rfd1 Rd8 14. Ne1 Rcc8 15. Nd3 h6
16. Nf4 Bd6 17. Nd3 a6 18. e4 dxe4 19. Nxe4 Nxe4 20. Qxe4 Be7 21. Re1 Bf6 22.
c5 $14 {Nikolic,P-Seirawan,Y/Wijk 15` 1995}) 11... Qc7 12. Rfd1 (12. Rac1 Qb8
13. e4 (13. Rfd1 Rfd8 14. e4 Nxe4 15. Nxe4 dxe4 16. Nd2 c5 (16... f5 $2 17. f3
$16) 17. Nxe4 Bxe4 18. Qxe4 Bf6 19. Qe3 a5 20. h3 h6 21. Rc2 cxd4 22. Bxd4 Bxd4
23. Rxd4 Kf8 24. Rcd2 Ke7 25. Qc3 Nf6 26. Rxd8 Rxd8 27. c5 Rxd2 28. Qxd2 Qc7
29. cxb6 Qxb6 30. Qc3 $14 {Nikolic,P-Seirawan,Y/Wijk 15` 1995}) 13... Nxe4 14.
Nxe4 dxe4 15. Nd2 c5 16. Nxe4 Bxe4 17. Qxe4 Bf6 18. Rfd1 Rfd8 19. Qe3 a5 20.
Rc2 cxd4 21. Bxd4 Bxd4 22. Rxd4 Nf6 23. Rcd2 $14 {Nikolic,P-Seirawan,Y/Wijk
30` 1995}) 12... Rfd8 13. Rac1 Qb8 14. e4 dxe4 (14... Nxe4) 15. Ng5 $1 c5 16.
Ncxe4 Nxe4 17. Nxe4 Bxe4 $1 18. Bxe4 (18. Qxe4 $1 Bf6 19. Qe3) 18... Bf6 19.
Bg2 a5 20. Qe3 h6 21. h4 Qc7 22. Rc2 cxd4 23. Bxd4 Bxd4 24. Rxd4 Kf8 25. Rcd2
$14 Nf6 26. Rxd8+ Rxd8 27. Rxd8+ Qxd8 28. c5 $1 bxc5 29. Qxc5+ Kg8 30. Bf3 Qd2
31. a3 Nd7 32. Qc8+ Kh7 33. Kg2 Ne5 34. Be4+ g6 35. h5 $1 $14 Kg7 36. hxg6 Nxg6
37. Qc5 Nf8 38. Bc6 Ng6 39. Be4 Nf8 40. Qe5+ Kg8 41. Bf3 Nd7 42. Qc7 Nf6 43.
Qb8+ Kg7 44. Qe5 Kg6 45. Qc5 {^ b4} Nd5 $1 $8 46. Bxd5 exd5 47. b4 axb4 48.
axb4 d4 49. b5 d3 50. Qd6+ $1 f6 $2 (50... Kg7 $1 51. Qd4+ (51. b6 Qb2 $10)
51... Kg8 $1 52. b6 (52. Qd8+ Kg7 53. b6 Qb2 $10) 52... Qc2 $1 53. Qe4 (53. b7
$2 Qc6+ $10) (53. Qd5 d2 54. b7 Qc7 $1 $10) 53... Qb2 $1 54. b7 (54. Qg4+ Kf8
55. Qc8+ Kg7 56. b7 d2 $10) 54... d2 $10) 51. Qd5 $1 {X Kg6} Qe2 52. Qg8+ Kf5
53. Qc4 $1 Qc2 (53... Qe4+ 54. Qxe4+ Kxe4 55. Kf1 $1 Kd4 56. Ke1 Kc5 57. Kd2
Kxb5 58. Kxd3 Kc5 (58... h5 59. Ke4 Kc4 60. f4 $1 $18) 59. Ke4 Kd6 60. Kf5 Ke7
61. Kg6 $18) 54. Qd5+ Kg6 55. b6 Qb1 (55... d2 56. Qg8+ Kh5 57. Kh3 $1 $18) 56.
b7 d2 57. Qg8+ Kh5 $8 58. Qf7+ Kg5 59. f4+ Kg4 60. Qe6+ $1 Kh5 $8 61. b8=Q $1 (
61. b8=Q $1 Qxb8 (61... Qg1+ 62. Kxg1 d1=Q+ 63. Kf2 $18) 62. Qf5#) 1-0

[Event "Bad Lauterberg Bohemia"]
[Site "Bad Lauterberg"]
[Date "1991.11.05"]
[Round "1"]
[White "Romanishin, Oleg M"]
[Black "Hertneck, Gerald"]
[Result "1-0"]
[WhiteElo "2600"]
[BlackElo "2555"]
[Annotator "Hertneck,G"]
[PlyCount "139"]
[EventDate "1991.11.05"]
[EventType "tourn"]
[EventRounds "11"]
[EventCountry "GER"]
[EventCategory "10"]
[SourceTitle "CBM 027"]
[Source "ChessBase"]
[SourceDate "1992.04.01"]
[SourceVersion "1"]
[SourceVersionDate "1992.04.01"]
[SourceQuality "1"]

1. d4 {Kortschnoj} Nf6 2. Nf3 d5 3. c4 c6 4. Qb3 e6 (4... dxc4 {Kortschnoj} 5.
Qxc4 Bf5) 5. g3 Nbd7 6. Bg2 Be7 7. O-O O-O 8. Bf4 Qb6 $6 (8... b6) (8... b6 {
Kortschnoj /\ ...Bb7}) 9. Qc2 $1 c5 10. dxc5 Qxc5 (10... Bxc5 {Kortschnoj} 11.
Nc3 $14) (10... Nxc5 {Kortschnoj} 11. Be3 $14) 11. Na3 {+/- >< Bc8} b6 (11...
d4 {Kortschnoj} 12. e3 $14) (11... Qa5 $5 {Kortschnoj}) 12. Be3 Qc7 13. Nb5
Qxc4 (13... Qd8 {Kortschnoj} 14. Bf4 $16) 14. Qxc4 dxc4 15. Nfd4 Nd5 16. Bxd5
exd5 17. Nc7 Bb7 18. Nf5 $1 (18. Nxa8 Rxa8 19. Nf5 Bf8 $44) 18... Bb4 (18...
Bf6 19. Nxa8 Rxa8 20. Bd4 {+/- >< d4}) 19. Nxa8 Rxa8 20. Bd4 f6 21. Rfd1 Bf8 (
21... Kf7 $2 22. e4 dxe4 23. Bc3 $18) 22. Ne3 Kf7 23. b3 b5 24. a4 a6 25. axb5
axb5 26. Rxa8 Bxa8 27. Ra1 Bc6 28. Ra6 Nb8 29. Ra7+ Ke6 30. f4 cxb3 31. f5+ Kd6
32. Ra3 {+/=/+/-} Bd7 33. Rxb3 Nc6 $2 34. Rxb5 $18 Nxd4 35. Rxd5+ Kc6 36. Rxd4
Bc5 37. Rd3 Bxf5 38. Rc3 Be4 39. Kf1 f5 40. Nc4 Bd5 41. Ne5+ Kd6 42. Nd3 Bd4
43. Ra3 Bb7 44. Ra5 g6 45. Ra4 Be3 46. Rh4 h5 47. Rb4 Bc6 48. Nf4 g5 (48... Be8
{Kortschnoj} 49. Rb8 Bf7 50. Rb7 Be8 51. Rg7 Bd4 52. Rxg6+ $16) 49. Nxh5 Ke5
50. h4 f4 51. hxg5 fxg3 52. Nxg3 Bxg5 53. Rb6 Kd5 54. Kf2 Bh4 55. Rb4 Be7 56.
Re4 Bd6 57. Rh4 Ke5 58. e3 Bf8 59. Rh8 Ba3 60. Rh5+ Ke6 61. Rh6+ Kd5 62. e4+
Kc5 63. Kf3 Bb2 64. Rh2 Be5 65. Rh5 Kd6 66. Nf5+ Ke6 67. Rh6+ Kd7 68. Ne3 Ba4
69. Nc4 Bd1+ 70. Ke3 1-0